| 000 | 02236nam a2200325 u 4500 | ||
|---|---|---|---|
| 001 | 000020642 | ||
| 003 | OSt | ||
| 005 | 20241130074013.0 | ||
| 008 | 100812s2019 dr 000 0 spa d | ||
| 040 |
_aDO-SdBNP _bspa _cBNPHU |
||
| 082 | 4 |
_a709.7293 _bB588n, 2015 _222 |
|
| 111 | 2 |
_aBienal Nacional de Artes Visuales _n(28 : _d2015 : _cSanto Domingo, República Dominicana) _976637 |
|
| 245 | 1 | 0 |
_a28 Bienal Nacional de Artes Visuales : _bdedicada a Fernando Peña Defilló / _ctexto, Odalís Pérez ... [et.al.] ; fotografía Mariano Hernández |
| 246 | 1 | 3 | _aVeintiocho Bienal Nacional de Artes Visuales |
| 246 | 1 | 3 | _a28 BNAV |
| 260 |
_aSanto Domingo : _bMuseo de Arte Moderno, _c2019. |
||
| 300 |
_a410 p. : _bil., fots. ; _c32 cm. |
||
| 500 | _aDedicada a Fernando Peña Defilló. | ||
| 500 | _aCatálogo de obras expuestas en la 28 Bienal Nacional de Artes Visuales. | ||
| 505 |
_aIntroducción _rMaria Elena Ditrén -- _t28 BNAV : Sueños y esperanzas de una bienal / _rOdalís G. Pérez, jurado de seleción -- _tArtista invitado -- _tLa vigésimo octava Bienal Nacional : Riqueza de enfoques y diversidad en las técnicas de las artes visuales / _rMichélle Dalmace, jurado de premiación -- _tPremios y menciones -- _tUna bienal consensuada -- _rMayra Johnson, jurado de selección -- _t28 Bienal de Artes Visuales : escenario de pluralidad y manifestación artística / _rAmelia Soto, jurado de seleccion -- _tNuesta cultura, identidad y preocupaciones en Las Bienales XXVII / _rBingene Armenteros, curadora / jurado 27 BNAV -- _tPensar lo contemporáneo como ejercicio artístico / _rFidel Munnigh -- _tLos medios no tradicionales en el arte dominicano / _rPlinio Chahín -- _tObras seleccionadas -- _tÍndice de artistas-- _tCVS Artistas -- _tPremios de Bienales (1942-2015) -- _ttraducciones -- |
||
| 590 | _aInventariado, 2020/VM | ||
| 650 | 4 |
_aArte dominicano _ySiglo XX _vExposiciones _976639 |
|
| 650 | 7 |
_aArtistas plásticos dominicanos _976641 |
|
| 650 | 7 |
_a Instalaciones (Arte) _ySiglo XX _vExposiciones _978498 |
|
| 700 | 1 |
_aPérez, Odalís _d1952- _923828 |
|
| 700 | 1 |
_aHernández, Mariano _efotografías _959875 |
|
| 710 | 2 |
_aMuseo de Arte Moderno (República Dominicana) _954941 |
|
| 942 |
_2ddc _cLF1 |
||
| 956 | _aVMateo | ||
| 999 |
_c20146 _d20146 |
||